University Home | Library Home | Institutional Repository

Modern agricultural management. (Record no. 131901)

MARC details
000 -LEADER
fixed length control field 00451cam7a220018100 4500
001 - CONTROL NUMBER
control field tmp15944396
003 - CONTROL NUMBER IDENTIFIER
control field UPRA
005 - DATE AND TIME OF LATEST TRANSACTION
control field 20190822110222.0
008 - FIXED-LENGTH DATA ELEMENTS--GENERAL INFORMATION
fixed length control field 951114s1983 vau eng u
035 ## - SYSTEM CONTROL NUMBER
System control number (Sirsi) r50783
035 ## - SYSTEM CONTROL NUMBER
System control number (UPRA)tmp15944396
040 ## - CATALOGING SOURCE
Transcribing agency UPRA
100 1# - MAIN ENTRY--PERSONAL NAME
Personal name Osburn, Donald D.
Linkage A8633.1
245 10 - TITLE STATEMENT
Title Modern agricultural management.
260 ## - PUBLICATION, DISTRIBUTION, ETC.
Place of publication, distribution, etc. Reston,
Date of publication, distribution, etc. 1983.
949 ## - LOCAL PROCESSING INFORMATION (OCLC)
i -64300
m MAIN
t BOOK
l ON-SHELF

No items available.

© 2026 - The University of Zambia Library - Koha v25.11